Przedsiebiorstwa rodzinne.

Charakteristika rodinného podniku. Ako vzniká rodinný podnik. Čo oslabuje a ohrozuje rodinné podniky - charakteristika konfliktov, rozporov, protichodných záujmov, rivalizácia a protežovanie príbuzných. Šance rodinných podnikov v Poľsku.

Uložené v:
Podrobná bibliografia
Hlavný autor: Safin, K.
Médium: Kapitola
Jazyk:Polish
Predmet:
Tagy: Pridať tag
Žiadne tagy, Buďte prvý, kto otaguje tento záznam!

MARC

LEADER 00000naa a2200000 4500
001 r004473
005 20221125122600.3
041 0 |a pol 
044 |a PL 
245 1 0 |a Przedsiebiorstwa rodzinne.  |c K. Safin 
520 |a Charakteristika rodinného podniku. Ako vzniká rodinný podnik. Čo oslabuje a ohrozuje rodinné podniky - charakteristika konfliktov, rozporov, protichodných záujmov, rivalizácia a protežovanie príbuzných. Šance rodinných podnikov v Poľsku. 
610 2 0 |a podnik súkromný 
610 2 0 |a PR 
100 1 |a Safin, K.